| 000 | 00671nam a2200241 a 4500 | ||
|---|---|---|---|
| 001 | BRCA_7849 | ||
| 005 | 20190320210025.0 | ||
| 008 | 071113s1964----fr-a######---#000-0#fre-# | ||
| 041 | _afre | ||
| 044 | _afr | ||
| 050 | 4 |
_aNK7106 _b.C36 1964 |
|
| 100 | 1 |
_aCame, Richard _919429 |
|
| 245 | 1 | 0 |
_aL´orfevrerie _cRichard Came ; texte francais de Chantal Lion. |
| 260 |
_aParís _bHachette _cc1964 |
||
| 300 |
_a128 p. _bil. a color, 32 láminas _c22 cm. |
||
| 440 | 0 |
_aPlaisir des images _913267 |
|
| 500 | _aY71 | ||
| 650 | 1 | 4 |
_aPlatería _xHistoria _92975 |
| 650 | 1 | 4 |
_aOrfebrería _xHistoria _919430 |
| 700 | 1 |
_aLion, Chantal _919431 |
|
| 902 | _aGFM | ||
| 942 |
_2lcc _cB |
||
| 999 |
_c7523 _d7523 |
||